| 000 | 00347 a2200109 4500 | ||
|---|---|---|---|
| 001 | ART_10412 | ||
| 005 | 20260410161654.0 | ||
| 008 | 260409a | ||
| 245 | 1 | 0 | _aMás allá de la revolución de la información |
| 100 | 1 | _aDrucker, Peter Ferdinand | |
| 773 | 0 |
_tHarvard Deusto Business Review _g- Nº 100 (ene./feb. 2001) _wREV521 |
|
| 999 |
_c14576 _d14576 |
||